| 000 | 00537nam a22001697a 4500 | ||
|---|---|---|---|
| 082 | _aBEE-3 AMN | ||
| 100 |
_aAmna Farouk _993484 |
||
| 245 | _aLithomatic urinary stone tratment made safer, smarter and affordable | ||
| 260 |
_aIslamabad _bNUST-SEECS _c2015 |
||
| 300 |
_a87p. _eSoftcopy present |
||
| 500 | _aSupervisors: Dr. Khawar Khurshid, Dr. Riaz Mufti | ||
| 563 | _aHB | ||
| 700 |
_aAnand Kumar _993485 |
||
| 700 |
_aOsama Aslam Ansari _993486 |
||
| 856 | _uhttp://10.250.8.41:8080/xmlui/handle/123456789/6282 | ||
| 942 |
_cPR _2ddc |
||
| 999 |
_c13297 _d13297 |
||